Quizzes
Events
Quiz Creation
Community
Videos
Private Events
Remove Ads
Sign In
Join for FREE
Feedback
Dark Mode
Quiz Categories
Sports
Geography
Music
Movies
Television
Just For Fun
Miscellaneous
History
Literature
Language
Science
Gaming
Entertainment
Religion
Holiday
For Kids
Quiz Lab
Recent
Popular Today
Quiz Kudos Today
Editor Picks
Curator Picks
Quizzes by...
Day
Popularity
Type
Ratings
Length
Year
Community
Subscriptions
Recent Discussions
Orange Saloon
Badges
Playlists
Quests
Create
Leaderboards
Showdown
Live 5
Trivia Bingo
Activity
Puzzle Library
Sporcle Events
Private Events
Virtual Trivia
Globe League
Become a Host
Pub Owners
SporcleCon
Opinionation
Our Games
Videos
Blog
Mobile Apps
Partnerships
Remove Ads and Go Orange
Feedback
Sports
Athletes
MLB
NBA
NHL
NFL
Soccer
Sports Teams
WWE
NCAA
Football
Premier League
Basketball
Baseball
Hockey
Golf
Tennis
Cricket
Rugby
Auto Racing
Olympics
World Cup
Sports
Athletes
MLB
NBA
NHL
NFL
Soccer
Sports Teams
WWE
NCAA
Football
Premier League
Basketball
Baseball
Hockey
Golf
Tennis
Cricket
Rugby
Auto Racing
Olympics
World Cup
Random Quiz
Search Sporcle
×
Quiz Lab
Quiz Lab
Sports
Soccer
Click on answers out of a set of options
Click on answers out of a set of options
Multiple Choice
Best Score? Go Orange.
Soccer Fun Facts! Stats
Soccer Trivia.
By
Vardy9Leicester
10m
20 Questions
177 Plays
177 Plays
177 Plays
Comments
Comments
Give Quiz Kudos
Give Quiz Kudos
-
- Ratings
hide this ad
Random Order
Randomize order of answers
Randomize order of answers
Replay
Link that replays current quiz
Next Quiz
Link to next quiz in quiz playlist
You Got
0%
They Got
Avg Score
43%
Avg Friend Score
Upgrade to see
Score Distribution
Jump to the score distribution portion of the page
Score
0/20
Timer
10:00
0
Plays Today
Question
Answer
Wrong Answers
Which player has bit over three people in his distinguished career?
Luis Suarez
84.7%
Bitey Tighteys
2.3%
Esteban Cambiasso
1.1%
Peter Sneaky
4%
Who scored the most goals in the 2014 FIFA World Cup Finals for Switzerland?
Xherdan Shaqiri
70.6%
Gokhan Inler
13%
Mohandas Ghandi
6.2%
Bwuth Awena
2.8%
Who is only known for missing the goal?
Fernando Torres
66.7%
Fernando Fiore
5.6%
Stuart Holden
8.5%
Richard Simmons
9.6%
Who won Goalkeeper of the Tournament in the 2010 FIFA World Cup Finals?
Iker Casillas
62.7%
Tim Howard
8.5%
Manuel Neuer
18.6%
Igor Akinfeev
1.7%
Who holds the record for the most amount of saves in a World Cup match with 16 saves?
Tim Howard
59.9%
Manuel Neuer
21.5%
Sergio Romero
5.6%
Hans Zimmer
5.6%
What is the name of the 2014 FIFA World Cup ball?
Brazuca
57.6%
Jabulani
27.7%
Foriesta
4%
Manau
3.4%
Who won the Golden Ball of the 2010 FIFA World Cup Finals in South Africa?
Diego Forlan
57.6%
Robinho
6.8%
Lionel Messi
25.4%
Carlos Tevez
4.5%
Who pulled his hamstring against Ghana in their first game of the 2014 FIFA World Cup Finals?
Jozy Altidore
49.2%
Islam Slimani
14.1%
Ahmed Musa
19.2%
Akbar the Great
7.3%
Who won the Golden Boot award of the 2014 World Cup?
James Rodriguez
46.3%
Thomas Muller
18.1%
Lionel Messi
26.6%
Clint Dempsey
1.7%
Which player scored an own goal against France in the knockout round of the 2014 FIFA World Cup Finals?
Joseph Yobo
44.6%
Noel Valladares
13.6%
Here's Johnny
5.6%
Emre Can
29.4%
Who won the Golden Ball of the 2014 World Cup
Lionel Messi
41.8%
Cristiano Ronaldo
9%
James Rodriguez
38.4%
Michael Bradley
2.3%
Which African nation scored the least amount of goals with only one goal out of the five African nations at the 2014 FIFA World Cup Finals?
Cameroon
40.7%
Algeria
18.6%
Ghana
13.6%
Nigeria
16.9%
Who scored his first international goal for the United States on June 1, 2014 against Turkey?
Fabian Johnson
35%
John Brooks
34.5%
Brad Guzan
11.9%
Mix Diskerud
11.9%
Who advanced from Group F with a goal differential of +1?
Algeria
33.9%
Russia
23.2%
Belgium
30.5%
Azerbaijan
1.7%
What city is the stadium of Arena da Amazonia in?
Manaus
33.3%
Sau Paulo
27.1%
Natal
7.3%
Brasilia
24.9%
Where did Portugal play the United States in their second match of Group G?
Manaus
22%
Recife
19.2%
Brasilia
35%
Natal
15.8%
What are the fans of the United States called?
American Outlaws
19.2%
Yankee Doodles
18.6%
The Yanks
28.2%
Stars 'n Stripes
24.9%
Who was the first American to play at four different world cups?
Damarcus Beasley
18.6%
Landon Donovan
58.8%
Alexi Lalas
10.2%
Fernando Fiore
3.4%
Where did the United States play Ghana in the first game of the FIFA World Cup?
Natal
14.1%
Manaus
18.1%
Recife
21.5%
Rio de Janeiro
36.7%
Who did the United States play in the first of three send-off games leading up to the 2014 FIFA World Cup?
Azerbaijan
8.5%
Turkey
28.8%
Nigeria
31.1%
Papua New Guinea
22.6%
Quiz Playlist
Details
Report
Send in Message
Add To Playlist
Multiple Choice:
Click on answers out of a set of options
Random Order:
Randomize order of answers
Last Updated: Feb 16, 2017
Quiz Scoreboard
CHALLENGE
Sign Up to Join the Scoreboard
Show All
Scores
Hide
Comments
May contain spoilers
Recently Published
Presidents Visiting Landmarks
by Hejman
History
7m
An Introduction to Baseball
by treessimontrees
Sports
5m
Movies - When Are They Set?
by FPL_Elf
Movies
5m
More to Explore
Quiz From the Vault
Featured Blog Post
Where Did the Easter Bunny Come From?
hide this ad
You Might Also Like...
Tags
Soccer Quiz
Trivia
Today's Top Quizzes in Sports
Browse Sports
hide this ad
Today's Top Quizzes in Soccer
Browse Soccer
Top Contributed Quizzes in Sports
1
Les meilleurs buteurs des matchs entre le PSG et l’OM
2
2022 World Cup Stars
3
FIFA Club World Cup Champions
4
Les entraîneurs de l'OM et du PSG au 21e siècle
5
Name the Premier League winners with different clubs
6
La finale Lions - Afrique du Sud 2021
7
5-to-1: UK Sports Teams
8
England Test cricketers to play under Nasser Hussain
9
Players with Multiple 50 Home Run Seasons
10
AFC Teams Reveal (Wrong Answers Minefield)
Explore More
Trending Topics
Marvel
Kpop
Harry Potter
Anime
NBA
Crossword
Disney
Country
Song
Puzzle
Soccer
The Office
NFL
Pokémon
WWE
hide this ad
More By:
Vardy9Leicester
Quiz
Plays
Rating
Category
Featured
Created
National Geography Bee Quiz
325
2.83
Geography
Jan 12, 2017
Soccer Showcase
186
2.25
Sports
Dec 12, 2016
Soccer Fun Facts!
177
Sports
Dec 21, 2016
Heroes and Gods Of Greek Mythology
171
1.25
Religion
Dec 13, 2016
Go to Creator's Profile
Score Distribution
Quiz Creator Spotlight
Vardy9Leicester
Follow
Send a Message
Quizzes Created
-
Created Quiz Play Count
-
More By This Creator
Popular Quizzes Today
1
Find the US States - No Outlines Minefield
2
Find the Countries of Europe - No Outlines Minefield
3
The Countries of the World
4
Find the US States
5
Popular People in 1961
6
US States
7
Risky Map Clicking: Biggest States A-Z
8
1-10 Letter E Words III
More Sports Quizzes
Tony Romo Touchdown Receivers
Published
Trending Quizzes
Risky Map Clicking: Least Populous States A-Z
1-10 Letter G Words
1-10 Letter F Words
Risky Map Clicking: Next State Alphabetically
Risky Map Clicking: Biggest States A-Z
Recently Updated
Leaping Animals
pecheneg
Reality TV Shows (A-Z)
bhenderson79
Rickey Henderson's Hall of Fame Teammates
pecheneg
Champions League XIs: Arsenal
pecheneg
Quick Pick: Celebrities in WWE's Hall of Fame
aduchscher
A-Z Keypad Blitz II
pecheneg
Multiple Oscar Actors
pecheneg
Mystery Phrase Blitz: Oscar 'Best Actors'
pecheneg
F. Scott Fitzgerald Novels
LTH
Pick 3 Villains
ddd62291
Trending Topics
Marvel
NBA
Kpop
Anime
Harry Potter
Crossword
Disney
Song
WWE
Country
Soccer
NFL
Pokémon
Puzzle
The Office
Your Account Isn't Verified!
In order to create a playlist on Sporcle, you need to verify the email address you used during registration. Go to your
Sporcle Settings
to finish the process.
Report this User
Report this user for behavior that violates our
Community Guidelines
.
Details:
Send Report
Go to the Sporcle.com Mobile Site →
Comments